1395 1553 1612 1894 1600 1763 1402 1703 1167 1715 1031 1642 1628 1770 1340 1369 1386 1954 1389 1193 1082 1605 1121 1822 1626 1040 1863 1597 1467 1198 1816 1542 1489 1200 1342 1867 1349 1910 1781 1760 1268 1063 1482 1622 1026 1756 1387 1044 1793 1754 1638 1561 1092 1457 1202 1280 1016 1602 1003 1448 1044 1872 1501 1306 1160 1430 1681 1785 1462 1647 1458 1135 1270 1974 1963 1303 1625 1437 1091 1420 1804 1049 1842 1257 1075 1968 1832 1008 1842 1376 1403 1810 1855 1153 1990 1197 1424 1276 1080 BCNSPRNW ULIB Ver.6.0+V

เปลี่ยนเป็นภาษาไทย

Change to English
 แสดงรายละเอียดบรรณานุกรม
  กลับหน้าหลัก

Brief Record : Get Marc (ISO 2709) : E-mail record : QR code < ปิดหน้าต่าง
LEADER : 00000nam 2200000uu 4500
001    13399124894
003     ULIB
008    020711s2015 th a 000 0 eng d
020    9789749752913
060    QX4^bL471
110    Phramongkutklao College of Medicine Book Project.
245    LECTURE NOTES ON MEDICAL PARASITOLOGY/^cPhramongkutklao College of Medicine Book Project.
250    1st ed
260     ^bPhramongkutklao College of Medicine Book Project,^c2015
300    228 pages;^b25 cm
650    Medical Parasitology
700    Saovanee Leelayoova
700    Paanjit Taamasri
700    Phunlerd Piyaraj
700    Picha Suwannahitatorn
700    Mathirut Mungthin
945    ^p800^l0^i23496
945    ^p800^l0^i23497
รายการนี้ยังไม่มีแท็ก
คุณยังไม่ได้ล็อกอิน คุณสามารถมีกิจกรรมร่วมกับเว็บไซต์ได้ แต่ต้องล็อกอินก่อน ::
  ล็อกอิน

รายการสื่อสารสนเทศ

ลำดับที่ ประเภท เลขเรียก/บาร์โค้ด สถานที่ สถานะ
1. วิทยาศาสตร์การแพทย์ และสุขภาพ
วิทยาศาสตร์การแพทย์ และสุขภาพ
สถานะ=หนังสือเก่า
QX4 L471 ฉ.1 
  Barcode: 23496
ห้องสมุดวิทยาเขตนครสวรรค์
►ส่วนจัดเก็บหนังสือเก่า นว.
บนชั้น
  ขอยืม
2. วิทยาศาสตร์การแพทย์ และสุขภาพ
วิทยาศาสตร์การแพทย์ และสุขภาพ
สถานะ=หนังสือเก่า
QX4 L471 ฉ.2 
  Barcode: 23497
ห้องสมุดวิทยาเขตนครสวรรค์
►ส่วนจัดเก็บหนังสือเก่า นว.
บนชั้น
  ขอยืม

รายการใกล้เคียง
    หัวเรื่อง [Medical Parasitology]

BibComment


ยังไม่เคยถูกคอมเมนท์

คอมเมนท์ทรัพยากรรายการนี้
  คอมเมนท์: LECTURE NOTES ON ..


 Copyright 2026. Bcnsprnw @Library